Introduction to topology and modern analysis (Record no. 20699)

MARC details
000 -LEADER
fixed length control field 00553 a2200205 4500
001 - CONTROL NUMBER
control field 140135
003 - CONTROL NUMBER IDENTIFIER
control field OSt
005 - DATE AND TIME OF LATEST TRANSACTION
control field 20260121144314.0
008 - FIXED-LENGTH DATA ELEMENTS--GENERAL INFORMATION
fixed length control field
020 ## - INTERNATIONAL STANDARD BOOK NUMBER
International Standard Book Number 9780070597846
082 ## - DEWEY DECIMAL CLASSIFICATION NUMBER
Classification number 514
Item number S47I
100 1# - MAIN ENTRY--PERSONAL NAME
Personal name Simmons, George F.
245 1# - TITLE STATEMENT
Title Introduction to topology and modern analysis
Statement of responsibility, etc by George F. Simmons
260 ## - PUBLICATION, DISTRIBUTION, ETC. (IMPRINT)
Place of publication, distribution, etc New Delhi
Name of publisher, distributor, etc McGraw Hill
Date of publication, distribution, etc 2010, 2013, 2016
300 ## - PHYSICAL DESCRIPTION
Extent xv, 372p.
546 ## - LANGUAGE NOTE
Language note english
650 ## - SUBJECT ADDED ENTRY--TOPICAL TERM
Topical term or geographic name as entry element Mathematics
653 ## - INDEX TERM--UNCONTROLLED
Uncontrolled term Topology; Mathematical analysis
942 ## - ADDED ENTRY ELEMENTS (KOHA)
Source of classification or shelving scheme Dewey Decimal Classification
Koha item type Books
Holdings
Withdrawn status Lost status Source of classification or shelving scheme Damaged status Not for loan Collection code Home library Current library Department Date acquired Source of acquisition Cost, normal purchase price Inventory number(Invoice/Date) Total Checkouts Full call number Barcode Date last seen Price effective from Koha item type Date checked out Checked out
    Dewey Decimal Classification     Reserve Text Book Central University Of Rajasthan Central University Of Rajasthan Mathematics 12/03/2014 Pranay Books 485.00 177/27.09.13   514 S47I 16003 21/11/2024 02/09/2020 Books    
    Dewey Decimal Classification     General Text Book Central University Of Rajasthan Central University Of Rajasthan Mathematics 12/03/2014 Pranay Books 485.00 177/27.09.13 1 514 S47I 16004 21/11/2024 02/09/2020 Books 17/03/2023  
            Central University Of Rajasthan Central University Of Rajasthan   26/07/2016         514 S47I 27796 02/09/2020 02/09/2020 Books   01/01/2018
            Central University Of Rajasthan Central University Of Rajasthan   07/03/2012   325.00     514 S47I 3558 21/11/2024 02/09/2020 Books    
            Central University Of Rajasthan Central University Of Rajasthan   26/07/2016         514 S47I 27800 02/09/2020 02/09/2020 Books   01/01/2018
    Dewey Decimal Classification     General Text Book Central University Of Rajasthan Central University Of Rajasthan   28/03/2019 PHY     1 514 S47I 32097 18/07/2023 02/09/2020 Books 30/05/2023  
            Central University Of Rajasthan Central University Of Rajasthan   26/07/2016         514 S47I 27799 02/09/2020 02/09/2020 Books   01/01/2018
            Central University Of Rajasthan Central University Of Rajasthan   26/07/2016         514 S47I 27798 02/09/2020 02/09/2020 Books   01/01/2018
            Central University Of Rajasthan Central University Of Rajasthan   26/07/2016         514 S47I 27797 02/09/2020 02/09/2020 Books   01/01/2018
    Dewey Decimal Classification     General Text Book Central University Of Rajasthan Central University Of Rajasthan Mathematics 12/03/2014 Pranay Books 485.00 177/27.09.13 2 514 S47I 16005 21/11/2024 02/09/2020 Books 21/07/2023  
    Dewey Decimal Classification     General Text Book Central University Of Rajasthan Central University Of Rajasthan Mathematics 12/03/2014 Pranay Books 485.00 177/27.09.13   514 S47I 16006 21/11/2024 02/09/2020 Books